| 000 | 00495aam a2200193 4500 | ||
|---|---|---|---|
| 005 | 20161103095943.0 | ||
| 008 | 150720b xxu||||| |||| 00| 0 spa d | ||
| 041 | _aEspañol | ||
| 082 | _a155.23 L971p | ||
| 100 |
_aLuskin, Frederic _915603 |
||
| 245 | _a¡Perdonar es sanar! | ||
| 260 |
_aColombia _c2006 |
||
| 300 | _a367 páginas | ||
| 650 |
_aSUPERACIÓN PERSONAL _92235 |
||
| 650 |
_aPERDÓN _915604 |
||
| 650 |
_aEMOCIONES _9274 |
||
| 650 |
_aPSICOLOGÍA APLICADA _912345 |
||
| 942 | _cBK | ||
| 999 |
_c1945 _d1945 |
||